Harry Potter: les Esprits Frappeurs - Statistiques

Statistiques générales
  • Ce quiz a été pris 102 fois
  • Le résultat moyen est 5 sur 9
Statistiques - réponses
Information Réponse % Correct
Première apparition Harry Potter à l'école des sorciers
94%
Esprit Frappeur connu Peeves
94%
Derniere apparition Harry Potter et les Reliques de la Mort
91%
Seule personne qu'il craint Le Baron Sanglant
79%
Description Ressemble à un fantôme
69%
Caractère Farceur, moqueur, semeur de pagaille
44%
Surnom Peevy
28%
Différence avec les fantômes Ils n'ont jamais été vivants
14%
Statut Non-être
13%
Aucun quiz correspondant
Distribution des résultats
% des personnes avec chaque résultat
Percentile par nombre de réponses
Votre historique - résultats
Vous n’avez pas pris ce quiz